Gasification technologies : a primer for engineers and scientists
Αποθηκεύτηκε σε:
| Κύριος συγγραφέας: | |
|---|---|
| Άλλοι συγγραφείς: | |
| Μορφή: | Βιβλίο |
| Γλώσσα: | English |
| Δημοσίευση: |
Boca Raton :
Taylor & Francis,
2005
|
| Σειρά: | Chemical industries ;
; 105 |
| Θέματα: | |
| Ετικέτες: |
Προσθήκη ετικέτας
Δεν υπάρχουν, Καταχωρήστε ετικέτα πρώτοι!
|
MARC
| LEADER | 00000nam a2200000 i 4500 | ||
|---|---|---|---|
| 001 | 1/91138 | ||
| 008 | 080717s2005 eng d | ||
| 020 | |a 0-8247-2247-7 | ||
| 035 | |l 10099023 | ||
| 040 | |a GR-MY-UA |b gre |e aacr | ||
| 041 | 0 | |a eng | |
| 082 | 0 | |a 665.77 |2 (22) | |
| 100 | 1 | |a Rezaiyan, John. | |
| 245 | 1 | 0 | |a Gasification technologies : |b a primer for engineers and scientists / |c John Rezaiyan, Nicholas P. Cheremisinoff |
| 260 | |a Boca Raton : |b Taylor & Francis, |c 2005 | ||
| 300 | |a xxii, 336 σ.; |b εικ., πίν., σχ.; |c 24 εκ. | ||
| 490 | 1 | |a Chemical industries |v ; 105 | |
| 504 | |a Περιέχει βιβλιογραφικές αναφορές | ||
| 504 | |a Ευρετήριο: σ. 331-336 | ||
| 650 | 0 | 0 | |a Biomass gasification. |
| 650 | 0 | 0 | |a Gas manufacture and works. |
| 700 | 1 | |a Cheremisinoff, Nicholas P. | |
| 830 | 0 | |a Chemical industries ; |v ; 105 | |
| 852 | |a INST |b LESVOS |e 20080717 |h 665.77 REZ |p 005100042731 |q 005100042731 |t BK |y 0 | ||
| 901 | |a BIBL1-2008-2 | ||
| 909 | |a Λ |b 144955 | ||
| 922 | |a 1ΕΛΗ |b 200801 |c ΕΠΕΑΕΚ2/ΤΠ |d ΕΛΕΥΘΕΡΟΥΔΑΚΗΣ | ||
| 970 | |a ΧΑΤΖΗΜΙΧΑΗΛ |b ΜΑΡΙΑ |z 2008/07/17 | ||